000 00322nam a22001457a 4500
008 210311b ||||| |||| 00| 0 eng d
020 _a9780470087657
041 _aeng
080 _28th
_a316
082 _a316
100 _a50
101 _aSOC
245 _aIntroduction to Personality
_cMischel, W
942 _2udc
_cBK
999 _c56387
_d56387